| 000 | 00703nam a22002177a 4500 | ||
|---|---|---|---|
| 999 |
_c3083 _d3083 |
||
| 003 | URS | ||
| 005 | 20220114142357.0 | ||
| 008 | 191029s1980 a|||| |||| 00| 0 eng d | ||
| 020 | _a9713006321 | ||
| 040 |
_cURS _beng _drda |
||
| 050 | 1 | 4 |
_aTK0454 _b.S622 1980 |
| 100 | _aSiskind,Charles S. | ||
| 245 | 1 | 0 |
_aElectrical circuits:direct and alternating current _bdirect and alternating current/ _cCharles S. Siskind |
| 250 | _aSecond Edition | ||
| 260 |
_aManila: _bMerriam & Websters; _c[1980] |
||
| 300 |
_axii 595 pages: _bwith illustration; _c22 cm. |
||
| 504 | _aIncludes Index | ||
| 650 | _aElectrcal circuits-Alternating current | ||
| 650 | _aElectrical circuits-Direct Current | ||
| 942 |
_2lcc _cFR |
||